quiz vocabulaire Anglais n°1 - Statistiques

Statistiques générales
  • Ce quiz a été pris 100 fois
  • Le résultat moyen est 23 sur 75
Statistiques - réponses
français anglais % Correct
3- expliquer explain
84%
2- présenter present
83%
6- informer inform
72%
8- décrire describe
70%
1- négocier negociate
68%
14- communiquer communicate
63%
9- débattre debate
54%
21- être d'accord agree
53%
17- participer participate
53%
11- suggérer suggest
51%
22- ne pas être d'accord disagree
48%
39- motiver motivate
48%
51- vendre sell
47%
5- convaincre convince
46%
23- résoudre resolve
46%
47- collecter collect
43%
26- annuler cancel
42%
19- coopérer cooperate
42%
32- organiser organize
42%
61- investir invest
41%
4- persuader persuade
40%
37- approuver approve
38%
18- collaborer collaborate
38%
20- contribuer contribute
37%
33- plannifier plan
37%
7- rapporter report
37%
38- désapprouver disapprove
35%
35- évaluer evaluate
35%
28- mener lead
35%
29- superviser supervise
35%
10- argumenter argue
33%
15- correspondre correspond
32%
64- dépenser spend
32%
41- embaucher hire
31%
71- indentifier identify
30%
50- mettre à jour update
30%
13- conseiller advise
28%
40- recruter recruit
28%
56- cibler target
27%
53- promouvoir promote
26%
62- budgéter budget
25%
74- améliorer improve
25%
27- gérer manage
25%
66- emprunter borrow
23%
30- déléguer delegate
23%
12- recommander recommend
23%
55- lancer launch
22%
44- analyser analyze
21%
70- prioriser prioritize
21%
16- assister à attend
17%
31- coordonner coordinate
17%
67- prêter lend
17%
59- fusionner merge
17%
69- enregistrer record
17%
65- économiser save
17%
54- faire la publicité de advertise
16%
43- former train
16%
58- acquérir acquire
15%
63- alouer allocate
15%
73- surmonter overcome
15%
57- s'étendre expand
14%
46- réunir, collecter gather
14%
36- revoir review
14%
60- acheter purchase
12%
72- diagnostiquer diagnose
11%
34- mettre en place implement
11%
25- reporter postpone
11%
24- programmer schedule
10%
42- licencier dismiss
7%
75- embellir enhance
7%
49- stocker store
7%
45- prédire forecast
6%
68- rembourser repay
6%
48- traiter process
5%
52- distribuer market
4%
Aucun quiz correspondant
Distribution des résultats
% des personnes avec chaque résultat
Percentile par nombre de réponses
Votre historique - résultats
Vous n’avez pas pris ce quiz